| 000 | 03385nam a22004097a 4500 | ||
|---|---|---|---|
| 005 | 20100405114510.0 | ||
| 010 | _aB-379430-432 B-425071-078 | ||
| 020 |
_a8173051143 (set) _c4500.00(set) |
||
| 020 |
_a8173051119 (v.1) _c4500.00(set) |
||
| 020 |
_a8173051127 (v.2) _c4500.00(set) |
||
| 020 |
_a8173051135 (v.3&4) _c4500.00(set) |
||
| 035 | _aB-379430-432 | ||
| 035 | _a B-425071-078 | ||
| 037 | _bUBH | ||
| 037 | _bResearchco Book Centre | ||
| 082 | _a954.16 | ||
| 245 |
_aMonuments of Delhi: _blasting splendour of the great Mughals and others / _cedited by J.A. Page; compiled by Maulvi Zafar Hasan |
||
| 260 |
_aNew Delhi _bAryan Books International _c2008(repr.) |
||
| 270 |
_a4378/4B. Pooja Apartments, 4, Ansari Raod, Daryaganj _bNew Delhi _e110002 |
||
| 300 |
_a4V. (xx, 201p.; x, 308p.; xi, 210p.; vi, 75p.) _c26cm(Hb) |
||
| 500 | _aincludes index | ||
| 505 | _av.1-Shahjahanabad; v.2-Delhi zail; v.3-Mahrauli zail; v.4- Badarpur zail- Shahdara zail | ||
| 700 |
_a Page, J.A. _927094 |
||
| 700 |
_aZafar Hasan _927095 |
||
| 942 |
_2ddc _cRF _mMON _h954.16 |
||
| 999 |
_c35074 _d35074 |
||